Understanding teenagers: (Record no. 14760)

000 -LEADER
fixed length control field 00846nam a2200253 a 4500
001 - CONTROL NUMBER
control field :::00012594$&:&@@
003 - CONTROL NUMBER IDENTIFIER
control field OkBaRHE
005 - DATE AND TIME OF LATEST TRANSACTION
control field 20100402122145.0
008 - FIXED-LENGTH DATA ELEMENTS--GENERAL INFORMATION
fixed length control field s1983 j 000 0 eng u
020 ## - INTERNATIONAL STANDARD BOOK NUMBER
International Standard Book Number 089505129X (pbk.)
040 ## - CATALOGING SOURCE
Transcribing agency
100 1# - MAIN ENTRY--PERSONAL NAME
Personal name DiGiacomo, James.
245 10 - TITLE STATEMENT
Title Understanding teenagers:
Remainder of title a guide for parents.
260 ## - PUBLICATION, DISTRIBUTION, ETC. (IMPRINT)
Place of publication, distribution, etc Allen, TX., :
Name of publisher, distributor, etc Argus Communications
Date of publication, distribution, etc 1983
300 ## - PHYSICAL DESCRIPTION
Extent 148 p. : illus. ;
Dimensions 23 cm.
650 ## - SUBJECT ADDED ENTRY--TOPICAL TERM
Topical term or geographic name as entry element Parent and Child
General subdivision United States
650 ## - SUBJECT ADDED ENTRY--TOPICAL TERM
Topical term or geographic name as entry element United States
General subdivision Social Conditions
-- 1980-
650 ## - SUBJECT ADDED ENTRY--TOPICAL TERM
Topical term or geographic name as entry element Youth
General subdivision Conduct of Life
650 ## - SUBJECT ADDED ENTRY--TOPICAL TERM
Topical term or geographic name as entry element Youth
General subdivision Religious Life
650 ## - SUBJECT ADDED ENTRY--TOPICAL TERM
Topical term or geographic name as entry element Youth
General subdivision United States
-- Social Conditions
700 ## - ADDED ENTRY--PERSONAL NAME
Personal name Wakin, Edward.
942 ## - ADDED ENTRY ELEMENTS (KOHA)
Source of classification or shelving scheme
Koha item type Books
Copies
Withdrawn status Not for loan Shelving location Full call number Date last seen Barcode Permanent Location Price effective from Source of classification or shelving scheme Damaged status Date acquired Koha item type Copy number Lost status
  General StacksHQ 796 .D479 19832010-04-1412594RHEMA Bible Training College2010-04-14  2010-04-14Books1